Statistics for UFC Champions (Current)

Click here to take the quiz!

General Stats

  • This quiz has been taken 77 times
    (40 since last reset)
  • The average score is 9 of 12

Answer Stats

HintAnswer% Correct
Men's Lightweight (155)Islam Makhachev
87%
Men's Welterweight (170)Leon Edwards
87%
Men's Middleweight (185)Israel Adesanya
84%
Men's Featherweight (145)Alexander Volkanovski
82%
Men's Bantamweight (135)Aljamain Sterling
82%
Men's Heavyweight (206-265)
Francis Ngannou
79%
Women's Bantamweight (135)Amanda Nunes
74%
Women's Featherweight (145)Amanda Nunes
74%
Men's Light Heavyweight (205)Jiri Prochazka
71%
Men's Flyweight (125)Deiveson Figueiredo
55%
Women's Flyweight (125)Valentina Shevchenko
50%
Women's Strawweight (115)Carla Esparza
39%

Score Distribution

Percentile by Number Answered

Percent of People with Each Score

Your Score History

You have not taken this quiz since the last reset